LEADER 01001nam0-22003491i-450- 001 990001798020403321 005 20080114132811.0 035 $a000179802 035 $aFED01000179802 035 $a(Aleph)000179802FED01 035 $a000179802 100 $a20030910f19601969km-y0itay50------ba 101 0 $afre 102 $aFR 105 $ay-------001yy 200 1 $aFlore d'Europe$fRichard Krausel, H. Merxmuller, H. Nothdurft 210 $aParis$cSociete Francaise du Livre$d[196.] 215 $a2 v., 312 tav.$d28 cm 327 1 $a1.: Plantes herbacees et sous arbrisseaux.$a2.: Arbrisseaux, arbustes & arbres. 610 0 $aFitogeografia 610 0 $aFlora 676 $a581.9 702 1$aKrausel,$bRichard 702 1$aMerxmuller ,$bH. 702 1$aNorthdurft,$bH. 801 0$aIT$bUNINA$gRICA$2UNIMARC 901 $aBK 912 $a990001798020403321 952 $a60 582-589 B 28$b35866 39799$fFAGBC 959 $aFAGBC 996 $aFlore d'Europe$9410667 997 $aUNINA LEADER 01707nam 2200373Ia 450 001 996387000203316 005 20221108042410.0 035 $a(CKB)4940000000076826 035 $a(EEBO)2240977592 035 $a(OCoLC)12378281 035 $a(EXLCZ)994940000000076826 100 $a19850813d1647 uy | 101 0 $aeng 135 $aurbn||||a|bb| 200 14$aThe Vniversity of Oxfords plea refuted, or, A full answer to a late printed paper intituled, The priviledges of the University of Oxford in point of visitation$b[electronic resource] $etogether with the universities answer to the summons of the visitors ... /$fby William Prynne, Esq. .. 210 $aLondon $cPrinted by T.B. for Michael Spark ...$d1647 215 $a[2], 64 p 300 $aThe authorship of The priviledges of the University of Oxford in point of visitation has been variously attributed to Richard Allestree, John Fell, and Gerard Langbaine. Robert Waring claimed the authorship himself. Cf. Madan. 300 $aErrata: p. 64. 300 $aReproduction of original in Yale University Library. 330 $aeebo-0198 700 $aPrynne$b William$f1600-1669.$0198500 701 $aAllestree$b Richard$f1619-1681.$0793142 701 $aFell$b John$f1625-1686.$01001113 701 $aLangbaine$b Gerard$f1609-1658.$01002837 701 $aWaring$b Robert$f1614-1658.$01003722 801 0$bEAA 801 1$bEAA 801 2$bm/c 801 2$bWaOLN 906 $aBOOK 912 $a996387000203316 996 $aThe Vniversity of Oxfords plea refuted, or, A full answer to a late printed paper intituled, The priviledges of the University of Oxford in point of visitation$92421756 997 $aUNISA